|
|
|
|
| LEADER |
00786nab a2200217 i 4500 |
| 001 |
publ18528 |
| 005 |
20200409114924.0 |
| 008 |
200409s2019 hu o 0|| zxx d |
| 022 |
|
|
|a 0303-6812
|
| 024 |
7 |
|
|a 10.1007/s00285-019-01424-6 M
|2 doi
|
| 024 |
7 |
|
|a 31190375
|2 mtmt
|
| 040 |
|
|
|a SZTE Publicatio Repozitórium
|b hun
|
| 041 |
|
|
|a zxx
|
| 100 |
1 |
|
|a Wang Zhen
|
| 245 |
1 |
0 |
|a Delay in booster schedule as a control parameter in vaccination dynamics
|h [elektronikus dokumentum] /
|c Wang Zhen
|
| 260 |
|
|
|c 2019
|
| 300 |
|
|
|a 2157-2182
|
| 490 |
0 |
|
|a JOURNAL OF MATHEMATICAL BIOLOGY
|v 79 No. 6-7
|
| 700 |
0 |
1 |
|a Röst Gergely
|e aut
|
| 700 |
0 |
1 |
|a Moghadas Seyed M.
|e aut
|
| 856 |
4 |
0 |
|u http://publicatio.bibl.u-szeged.hu/18528/1/10.1007/Wang2019_Article_DelayInBoosterScheduleAsAContr.pdf
|z Dokumentum-elérés
|